Industrial electronics / (Record no. 175523)
[ view plain ]
| 000 -LEADER | |
|---|---|
| fixed length control field | 01038 a2200193 4500 |
| 003 - CONTROL NUMBER IDENTIFIER | |
| control field | Nust |
| 005 - DATE AND TIME OF LATEST TRANSACTION | |
| control field | 20220810090905.0 |
| 010 ## - LIBRARY OF CONGRESS CONTROL NUMBER | |
| LC control number | 95033405 |
| 020 ## - INTERNATIONAL STANDARD BOOK NUMBER | |
| International Standard Book Number | 0024106224 |
| 040 ## - CATALOGING SOURCE | |
| Transcribing agency | Nust |
| 082 00 - DEWEY DECIMAL CLASSIFICATION NUMBER | |
| Classification number | 621.381,SIM |
| 100 1# - MAIN ENTRY--PERSONAL NAME | |
| Personal name | Simpson, Colin D. |
| 9 (RLIN) | 73607 |
| 245 10 - TITLE STATEMENT | |
| Title | Industrial electronics / |
| Statement of responsibility, etc. | Colin D. Simpson. |
| 260 ## - PUBLICATION, DISTRIBUTION, ETC. | |
| Place of publication, distribution, etc. | Englewood Cliffs, N.J. : |
| Name of publisher, distributor, etc. | Prentice Hall, |
| Date of publication, distribution, etc. | c1996. |
| 300 ## - PHYSICAL DESCRIPTION | |
| Extent | xiv, 689 p. : |
| Other physical details | ill. ; |
| Dimensions | 24 cm. |
| 505 ## - FORMATTED CONTENTS NOTE | |
| Formatted contents note | Introduction (Page-1), Semiconductor Diodes (Page-10), Transistor (Page-51), Thyristors (Page-101), Industrial Control Device (Page-145), DC Motors and Control Circuits (Page-184), AC Motors and Variable Frequency Drives (Page-230), Operational Amplifier and Linear ICs (Page-264), Digital Electronics (Page-321), Analog and Digital and Digital Transducers (Page-372), Industrial Process Control (Page-419), Microprocessors and Communication Systems (Page-462), Programmable Logic Controllers (Page-491), Robotics (Page-556). |
| 650 #0 - SUBJECT ADDED ENTRY--TOPICAL TERM | |
| Topical term or geographic name entry element | Telecommunication Engineering. |
| 942 ## - ADDED ENTRY ELEMENTS (KOHA) | |
| Koha item type | Reference |
| Source of classification or shelving scheme | |
| Withdrawn status | Lost status | Source of classification or shelving scheme | Damaged status | Not for loan | Permanent Location | Current Location | Shelving location | Date acquired | Full call number | Barcode | Date last seen | Price effective from | Koha item type | Public note |
|---|---|---|---|---|---|---|---|---|---|---|---|---|---|---|
| Military College of Signals (MCS) | Military College of Signals (MCS) | Reference | 12/12/2016 | 621.381,SIM | MCS5630 | 12/08/2016 | 12/12/2016 | Reference | Almirah No.21, Shelf No.1 |
